000 00620nam a2200277Ia 4500
005 20260324142458.0
008 008 260324s9999 xx 000 0 eng d
020 _a9780203187586
037 _aEBOOK
040 _aCRL
040 _beng
040 _cCRL
041 _2eng
041 _aeng
084 _qCRL
100 _aSue Sharpe
_91212089
245 0 _aFathers and Daughters
260 _bTaylor and Francis
260 _c1994
365 _a
365 _b290
856 _uhttp://www.taylorfrancis.com/books/9780203187586
942 _cEBOOK
999 _c1816336
_d1816336